| 000 | 00500nam a2200181Ia 4500 | ||
|---|---|---|---|
| 999 |
_c1642 _d1642 |
||
| 003 | OSt | ||
| 005 | 20200923094040.0 | ||
| 008 | 190216s9999||||xx |||||||||||||| ||und|| | ||
| 040 | _coclc | ||
| 082 |
_a581.1 _bPAN/P |
||
| 100 |
_aPandey, S N _92549 |
||
| 245 | 0 |
_aPlant Physiology / _cS N Pandey ; B K Sinha |
|
| 250 | _a3rd Ed. | ||
| 260 |
_bVikas Publishing House, _c2002. _aNew Delhi: |
||
| 300 | _a582p | ||
| 650 | _aBotany | ||
| 942 |
_cBK _2ddc _h581.1 _iPAN/P _k581.1 _mPAN/P |
||